000 00770nam a22001577a 4500
003 OSt
005 20151208152215.0
008 151208b xxu||||| |||| 00| 0 eng d
040 _cRUA
082 _aFIS NOR 2003 B187 Or.1
100 _94539
_aNORNG, SARY.
245 _aOxyeleotris marmorata culture by using three kinds of feed (fresh fish fresh fish with snail and fresh fish with prawn), ការចិញ្ចឹមត្រីដំរីក្នុងបែទឹកនិងដោយប្រើចំណី៣ប្រភេទត្រីស្រស់ត្រីស្រស់លាយខ្យង និងត្រីស្រស់លាយកំបិស
260 _aPhnom Penh
_bPhnom Penh
_c2003
300 _a30p.
_bill.
_c29cm.
942 _2ddc
_cFIS
999 _c4231
_d4231